000 00987pam a2200277 i 4500
999 _c25649
_d25649
001 2708468
003 OSt
005 20170201091951.0
008 761026s1977 nyua 001 0 eng
010 _a 76050547
020 _a0823045315 :
_c$17.95
040 _aDLC
_cDLC
_dDLC
050 0 0 _aNC890
_b.G8 1977
082 0 0 _a741.2/4
100 1 _aGuptill, Arthur L.
_q(Arthur Leighton),
_d1891-1956.
245 1 0 _aRendering in pencil /
_cby Arthur L. Guptill ; edited by Susan E. Meyer.
260 _aNew York :
_bWatson-Guptill,
_c1977.
300 _a271 p. :
_bill. ;
_c32 cm.
500 _aRev. ed. of the author's Sketching and rendering in pencil and Pencil drawing step-by-step.
500 _aIncludes index.
650 0 _aPencil drawing.
650 0 _aArchitectural rendering.
700 1 _aMeyer, Susan E.
906 _a7
_bcbc
_corignew
_d1
_eocip
_f19
_gy-gencatlg
942 _2lcc
_cBOOKS
_hNC 890 .G8 1977